00227nam a2200097Ia 4500008004100000100001800041245002800059260002600087300000800113650000800121191201s2010 xx 000 0 und d aGOPAL, C Rama 0aManagement of Financial aN. DelhibVikasc2010 a569 aBBA